[Event "CZE-chT U18 Extraliga final-A 1718"]
[Site "Czech Republic"]
[Date "2018.04.22"]
[Round "11.6"]
[White "Zlamana, Anna"]
[Black "Aubrechtova, Zuzana"]
[Result "1/2-1/2"]
[WhiteElo "1551"]
[BlackElo "1270"]
[PlyCount "98"]
[EventDate "2017.10.07"]
[EventType "team-tourn"]
[EventRounds "11"]
[EventCountry "CZE"]
[SourceTitle "EXT 2023"]
[Source "ChessBase"]
[SourceDate "2022.10.05"]
[SourceVersion "1"]
[SourceVersionDate "2022.10.05"]
[SourceQuality "1"]
[WhiteTeam "Vlasim (U18)"]
[BlackTeam "Praha Bohemians (U18)"]
[WhiteTeamCountry "CZE"]
[BlackTeamCountry "CZE"]

1. e4 e5 2. Nf3 Nc6 3. Nc3 Nf6 4. d4 exd4 5. Nxd4 Bb4 6. Nxc6 bxc6 7. Bd3 0-0 8. 0-0 Re8 9. Re1 d5 10. exd5 cxd5 11. Rxe8+ Qxe8 12. Bf4 c6 13. h3 Be6 14. Qf3 a5 15. Ne2 Ra7 16. c3 Bf8 17. Nd4 Bd7 18. Kf1 Ne4 19. Re1 f5 20. g4 Qg6 21. gxf5 Bxf5 22. Nxf5 Qxf5 23. Bxe4 dxe4 24. Qxe4 Qxh3+ 25. Kg1 Qg4+ 26. Bg3 Qxe4 27. Rxe4 h6 28. Rc4 Ra6 29. Bc7 a4 30. Kg2 Be7 31. Kf3 Bf6 32. Ke4 Kf7 33. Rc5 g6 34. f4 Ke7 35. Be5 Ke6 36. Bxf6 Kxf6 37. b3 axb3 38. axb3 Rb6 39. b4 h5 40. Kf3 Ke6 41. Kg3 Kf7 42. Kh3 Ke6 43. Kh4 Kf6 44. Kg3 Ke6 45. Kh4 Kf6 46. Re5 Rb8 47. Rc5 Rb6 48. Kg3 Kf7 49. Kh4 Kf6 1/2-1/2

[Event "CZE-chT U18 Extraliga West 1718"]
[Site "Czech Republic"]
[Date "2017.10.08"]
[Round "3.6"]
[White "Aubrechtova, Zuzana"]
[Black "Matej, Erik"]
[Result "0-1"]
[WhiteElo "1270"]
[BlackElo "1360"]
[PlyCount "86"]
[EventDate "2017.10.07"]
[EventType "team-tourn"]
[EventRounds "11"]
[EventCountry "CZE"]
[SourceTitle "EXT 2023"]
[Source "ChessBase"]
[SourceDate "2022.10.05"]
[SourceVersion "1"]
[SourceVersionDate "2022.10.05"]
[SourceQuality "1"]
[WhiteTeam "Praha Bohemians (U18)"]
[BlackTeam "Praha Promat Oaza (U18)"]
[WhiteTeamCountry "CZE"]
[BlackTeamCountry "CZE"]

1. e4 e5 2. Nf3 Nc6 3. Bc4 Nf6 4. d3 Bc5 5. Nc3 d6 6. Bg5 h6 7. Bh4 g5 8. Bg3 Qe7 9. h3 Nh5 10. Bh2 g4 11. Nd2 Qh4 12. g3 Qf6 13. Bg1 Qg6 14. h4 Be6 15. Nd5 0-0-0 16. Bb5 Bxd5 17. exd5 Nd4 18. Bc4 Rde8 19. c3 Nf5 20. Qe2 Nfxg3 21. fxg3 Nxg3 22. Qg2 Nxh1 23. Qxh1 g3 24. 0-0-0 g2 25. Qh3+ Kb8 26. Ne4 Rhg8 27. h5 Qg7 28. Qh4 Rd8 29. b4 Bxg1 30. Rxg1 f5 31. Nf6 Rgf8 32. Nh7 Qxh7 33. Rxg2 f4 34. Rf2 f3 35. Qh3 Qf5 36. Qh4 Qg5+ 37. Qxg5 hxg5 38. h6 g4 39. Rh2 g3 40. Rh1 g2 41. Rd1 f2 42. d4 g1Q 43. Rxg1 fxg1Q+ 0-1